Statistics for Sunburn by Muse lyrics

Click here to take the quiz!

General Stats

  • This quiz has been taken 14 times
  • The average score is 77 of 121

Answer Stats

Answer% Correct
I
100%
a
89%
A
89%
burn
89%
like
89%
she
89%
She
89%
sun
89%
the
89%
your
89%
And
78%
Another
78%
Come
78%
here
78%
look
78%
Secretly
78%
away
67%
be
67%
broken
67%
burns
67%
can't
67%
conscience
67%
grow
67%
guilty
67%
millions
67%
no
67%
No
67%
waste
67%
feel
56%
forever
56%
frame
56%
from
56%
horizons
56%
I'll
56%
Make
56%
mistakes
56%
our
56%
shame
56%
she'll
56%
sneers
56%
world
56%
corporate
44%
ever
44%
face
44%
grows
44%
one
44%
show
44%
Behind
33%
hide
33%
let
33%
to
33%
truth
33%
endless
22%
run
22%
shared
22%
break
11%
cries
11%
dared
11%
lies
11%
These
11%

Score Distribution

Percentile by Number Answered

Percent of People with Each Score

Your Score History

You have not taken this quiz